| 000 | 01052cab a2200289 4500 | ||
|---|---|---|---|
| 001 | ABS59049 | ||
| 008 | 090401t1998 xxu||||| |||| 00| 0 eng d | ||
| 035 | _a(Sirsi) u87458 | ||
| 041 | _aeng | ||
| 100 | _aLeboff, R. | ||
| 245 | _aREITs revolution on the way | ||
| 260 | _c1998 | ||
| 350 | _a0 | ||
| 490 |
_aProperty Forecast _v1(4) July 1998, 2-3(2) |
||
| 520 | _aDiscusses the likely impact of Real Estate Investment Trusts (REITs) on the European investment market. Considers the possibility of being able to gain exposure to the UK property market entirely through a portfolio of REITs quoted in New York and, the implications for the UK property market. Comments on the differences between REITs and UK plcs. | ||
| 650 | _aEUROPEAN MARKET | ||
| 650 | _aEXCHANGE RATES | ||
| 650 | _aLIQUIDITY | ||
| 650 | _aPROPERTY COMPANIES | ||
| 650 | _aPROPERTY FINANCE | ||
| 650 | _aREITS | ||
| 650 | _aTAX-EXEMPT VEHICLE | ||
| 650 | _aYIELDS | ||
| 690 | _aPROPERTY-PROPERTY FINANCE AND INVESTMENT | ||
| 942 | _n0 | ||
| 948 | _c16/07/1998 | ||
| 999 |
_c55160 _d55160 |
||